01227nam a22002657a 450000500170000000700150001700800410003202000220007303500090009504000090010409000150011310000250012824501320015325600240028526000380030930000280034750602850037565000290066070000270068974000380071685600850075494200080083995200950084799900190094220240305165353.0cr|||| |||| 120220s2011 mx |||||s|||| 00||0 spa d a978-607-440-276-6 a6155 avLex c2992d29921 aFol Olguin, Raymundo10aPequeños contribuyentes.h[Recurso electrónico] :b Guia práctica fiscal /cRaymundo Fol Olguin, José Pérez Chávez  aServicio en línea aMéxico DF:bTax Editores,c2011 a1 recurso electrónico1 aContenido solo disponible en los productos indicadosdvLex Global dvLex Global (Academic Edition, excluding Law Schools) dvLex Global (U.S. Academic Edition, Law Schools) dvLex Global (U.S. Academic Edition, excluding Law Schools) dvLex Global (Academic Edition, Law Schools) 04aDerecho fiscalzMéxico1 aPérez Chavez, José0 avLex Libros (Servicio en línea)40uhttps://app.vlex.com/#/sources/peque-os-contribuyentes-guia-practica-fiscal-6155 cRAA 001040708VLEX9319413aBD-UINbBD-UINd2024-03-05l0p6155r2024-03-05w2024-03-05yRAA c161407d161407